000 00572nam a22002177a 4500
003 OSt
005 20251004020003.0
008 150908b xxu||||| |||| 00| 0 eng d
020 _a9780723434191
040 _cDNLM
082 _aWF100 P27r 2008
100 _aPatel, Harish
_95678
245 _aCrash course in Respiatory system
250 _a3rd ed.
260 _aEdinburgh;
_bMosby,
_c2008
300 _axii,283p;
_bcol.ill:
_c26cm
504 _aAnswers, & index included
650 _aRespiratory
_95679
700 _aGwilt, Catherine
_95680
942 _2z
_cO_SHELF
_01
999 _c2235
_d2235